书目信息 |
| 题名: |
数码摄影就这么简单
|
|
| 作者: | 宋玉霞 , 陈晓颖 编著 ;九州书源 编著 | |
| 分册: | ||
| 出版信息: | 北京 清华大学出版社 2012.9 |
|
| 页数: | xii, 290页 | |
| 开本: | 21cm | |
| 丛书名: | 一学就会傻瓜书 | |
| 单 册: | ||
| 中图分类: | TB86 , J41 | |
| 科图分类: | ||
| 主题词: | 数字照相机--摄影技术 | |
| 电子资源: | ||
| ISBN: | 978-7-302-28850-3 | |
| 000 | 01308nam2 2200301 45 | |
| 001 | 1338861250 | |
| 005 | 20130514151744.18 | |
| 010 | @a978-7-302-28850-3@dCNY32.80 | |
| 100 | @a20130108d2012 em y0chiy0121 ea | |
| 101 | 0 | @achi |
| 102 | @aCN@b110000 | |
| 105 | @aa z 000yy | |
| 106 | @ar | |
| 200 | 1 | @a数码摄影就这么简单@AShu Ma She Ying Jiu Zhe Me Jian Dan@f九州书源, 陈晓颖, 宋玉霞编著@FJiu Zhou Shu Yuan , Chen Xiao Ying , Song Yu Xia Bian Zhu |
| 210 | @a北京@c清华大学出版社@d2012.9 | |
| 215 | @axii, 290页@c彩图@d21cm@e附光盘1片 | |
| 225 | 2 | @a一学就会傻瓜书 |
| 307 | @a附光盘 ISBN:978-7-89444-992-4 | |
| 330 | @a本书是一本帮助读者了解数码相机、学习数码摄影的拍摄技法以及数码照片后期处理的图书。主要内容包括选购数码相机及配件的技巧、数码相机的专业术语、单反相机与卡片相机各自的拍摄模式、摄影师应具有的眼光、构图的方法、光线的运用以及自然景观、人物写真、建筑物、夜景、动植物、美食、动态和静物等场景的拍摄, 最后还通过光影魔术手的使用讲解数码照片后期处理的方法。 | |
| 461 | 0 | @12001 @a一学就会傻瓜书 |
| 606 | 0 | @a数字照相机@x摄影技术 |
| 690 | @aTB86@v5 | |
| 690 | @aJ41@v5 | |
| 701 | 0 | @a宋玉霞@ASong Yu Xia@4编著 |
| 701 | 0 | @a陈晓颖@AChen Xiao Ying@4编著 |
| 711 | 02 | @a九州书源@AJiu Zhou Shu Yuan@4编著 |
| 801 | @aCN@bTANGWEI@c20130108 | |
| 905 | @b0828811-15@dTB86@e149@f5 | |
| 数码摄影就这么简单/九州书源, 陈晓颖, 宋玉霞编著.-北京:清华大学出版社,2012.9 |
| xii, 290页:彩图;21cm+附光盘1片.-(一学就会傻瓜书) |
| ISBN 978-7-302-28850-3:CNY32.80 |
| 本书是一本帮助读者了解数码相机、学习数码摄影的拍摄技法以及数码照片后期处理的图书。主要内容包括选购数码相机及配件的技巧、数码相机的专业术语、单反相机与卡片相机各自的拍摄模式、摄影师应具有的眼光、构图的方法、光线的运用以及自然景观、人物写真、建筑物、夜景、动植物、美食、动态和静物等场景的拍摄, 最后还通过光影魔术手的使用讲解数码照片后期处理的方法。 |
| ● |
| 相关链接 |
|
|
|
|
正题名:数码摄影就这么简单
索取号:TB86/149
 
预约/预借
| 序号 | 登录号 | 条形码 | 馆藏地/架位号 | 状态 | 备注 |
| 1 | 0828811 | 208288119 | 第二样本阅览室/ [索取号:TB86/149] | 在馆 | |
| 2 | 0828812 | 208288128 | 第三借阅区/ [索取号:TB86/149] | 在馆 | |
| 3 | 0828813 | 208288137 | 第三借阅区/ [索取号:TB86/149] | 在馆 | |
| 4 | 0828814 | 208288146 | 第三借阅区/ [索取号:TB86/149] | 在馆 | |
| 5 | 0828815 | 208288155 | 第三借阅区/ [索取号:TB86/149] | 在馆 |